| 000 | 00744nam a2200313Ia 4500 | ||
|---|---|---|---|
| 008 | 161027s9999||||xx |||||||||||||| ||und|| | ||
| 040 | _cEnglish | ||
| 082 | _aX.B | ||
| 082 | _bBORI-88946 | ||
| 100 | _aShree Kundkundacharya | ||
| 245 | _aPanchastikayasara | ||
| 245 | _bA. Chakravarti | ||
| 260 | _aArrah | ||
| 260 | _bThe Central Jaina Publishing House | ||
| 260 | _c1920 | ||
| 300 | _aXXXV + 174 | ||
| 300 | _b3 | ||
| 300 | _cF | ||
| 300 | _ePaperback | ||
| 530 | _u00076775.jpeg | ||
| 563 | _aText | ||
| 600 | _aShree Kundkundacharya | ||
| 630 | _aPanchastikayasara | ||
| 650 | _aBuddhism & Jainism | ||
| 650 | _aJainism | ||
| 700 | _aShree Kundkundacharya | ||
| 730 | _aPanchastikayasara | ||
| 942 | _cBOOK | ||
| 999 |
_c1402384 _d1402381 |
||